|
|
|
|
| LEADER |
00000cac a2200000 a 4500 |
| 001 |
67284 |
| 003 |
Ucuenca |
| 005 |
20230308210623.0 |
| 008 |
997102|1986 ec |||||r|||||||||||spa|| |
| 040 |
|
|
|b spa
|
| 041 |
0 |
|
|a spa
|
| 082 |
0 |
|
|a 261
|
| 245 |
|
|
|a Opción por los pobres
|c Jorge Pixley y Clodovis Boff
|h imp
|
| 264 |
|
|
|a Cuenca
|b Edicay
|c 1986
|
| 300 |
|
|
|a 286 páginas:
|c 21 cm
|
| 490 |
|
|
|a Teología
|n no. 1
|
| 650 |
|
|
|a Teologia de la liberacion
|9 390
|
| 650 |
|
|
|a Iglesia y sociedad
|9 24256
|
| 700 |
1 |
|
|a Pixley, Jorge
|9 220496
|
| 700 |
1 |
|
|a Boff, Clodovis.
|9 220497
|
| 773 |
|
|
|g 286 páginas:
|
| 852 |
|
|
|a UC-CDJBV
|f Donación
|k npena
|l 1
|m General
|p 19971024
|q 5000,00
|r 2
|t 67284
|b 0
|d CDRC
|e CDRC
|g 261 PRIMER PISO
|z 1997-71-02
|
| 942 |
|
|
|c CR
|2 ddc
|z luz.vázquez@ucuenca.edu.ec
|0 1
|
| 999 |
|
|
|c 115856
|d 115856
|